| 000 | 01380cam a22003737a 4500 | ||
|---|---|---|---|
| 003 | CHAP | ||
| 005 | 20220329135655.0 | ||
| 008 | 971013d1983 mex r 00010 spa d | ||
| 010 | _a40309 | ||
| 011 | _a41281 | ||
| 035 | _a45407 | ||
| 040 | _cCHAP | ||
| 090 | _aFolleto 9236 | ||
| 100 | 0 | 0 |
_aMoreno Dahme, Rodolfo. _978590 |
| 245 | 0 | _aLogros y aportaciones de la investigación agrícola en los laboratorios del INIA | |
| 260 |
_aMéxico, D.F. : _bInstituto Nacional de Investigaciones Agrícolas, _c1983 |
||
| 300 |
_a14 p. _b; mapa |
||
| 490 | 0 |
_aPublicación especial _v; 101 |
|
| 590 |
_aBATCH-UPD _b10 _c20130110 _lUCH01 _h0138 |
||
| 590 |
_aBATCH-UPD _b10 _c20130110 _lUCH01 _h1251 |
||
| 590 |
_aBATCH-UPD _b10 _c20130409 _lUCH01 _h2136 |
||
| 590 |
_aBATCH-UPD _b10 _c20130410 _lUCH01 _h0813 |
||
| 590 |
_aBATCH-UPD _b10 _c20130913 _lUCH01 _h2043 |
||
| 590 |
_aCONVERSION _b10 _c20130109 _lUCH01 _h1322 |
||
| 650 | 1 | 4 |
_aAgricultura _xExperimentación. _91476 |
| 650 | 1 | 4 |
_aAgricultura _xExperimentación _xMéxico. _91477 |
| 650 | 1 | 4 |
_aEstaciones agrícolas experimentales. _938191 |
| 830 | 0 |
_aPublicación especial _v; 101 _992760 |
|
| 901 | _aBK | ||
| 942 | _cFOLL | ||
| 949 |
_aFolleto 9236 _bBC _cFOLL _d-103704 _eTS1 _i45407 _mD _si |
||
| 949 |
_aFolleto 9236 _bBC _cFOLL _d-103705 _eTS2 _fc.2 _i45407 _mD _si |
||
| 949 |
_aFolleto 9236 _bBC _cFOLL _d454073 _eTS2 _fc.3 _i45407 _kDonaciØn _sb |
||
| 999 |
_c40309 _d40309 |
||